| 000 | 00493nam a22001577a 4500 | ||
|---|---|---|---|
| 008 | 170320b xxu||||| |||| 00| 0 eng d | ||
| 020 | _a9780071051620 | ||
| 050 |
_aHD 58.7 _b.O71 2013 |
||
| 100 | _aJason A Colquitt | ||
| 245 |
_aOrganizational Behavior : Improving Performance and Commitment in the Workplace / _c Jason A. Colquitt....[et al] |
||
| 250 | _a2nd Canadian ed. | ||
| 260 |
_aUSA _bMcGrawHill _c2013 |
||
| 300 |
_axxvi,499p _c24cm |
||
| 500 | _aincludes index | ||
| 942 |
_2lcc _cBK |
||
| 999 |
_c49518 _d49518 |
||